Guess The Singer As A Child #4 - Statistics

General Stats
  • This quiz has been taken 89 times
  • The average score is 4 of 12
Answer Stats
Picture Answer % Correct
Bruno Mars
82%
Adele
68%
Selena Gomez
65%
Dua Lipa
55%
Kurt Cobain
26%
Macklemore
24%
Avril Lavigne
23%
Elton John
21%
Bob Marley
20%
Sia
14%
Calvin Harris
8%
Pitbull
6%
No matching quizzes found
Score Distribution
Percent of People with Each Score
Percentile by Number Answered
Your Score History
You have not taken this quiz